LEADER 01161nam0 22002771i 450 001 UON00184349 005 20260227090737.217 010 $a28-581-6128-3 100 $a20030730d1990 |0itac50 ba 101 $afre 102 $aFR 105 $a|||| 1|||| 200 1 $aGeographe entre espace et developpement$fBernard Kayser$eavec les contributions de C. Bataillon, B. Bennassar ... [et al.] 210 $aToulouse$cPresses Universitaires du Mirail$d1990 215 $a284 p.$d24 cm. 410 1$1001UON00172054$12001 $aEtat des Lieux $1210 $aToulouse$cPUM 606 $aGeografia territoriale$xStudi$3UONC035701$2FI 620 $aFR$dToulouse$3UONL003167 700 1$aKayser$bBernard$3UONV015081$00 702 1$aBataillon$bClaude$3UONV100508 702 1$aBennassar$bBartolomé$3UONV047438 801 $aIT$bSOL$c20260306$gRICA 899 $aSIBA - SISTEMA BIBLIOTECARIO DI ATENEO E ARCHIVIO STORICO$2UONSI 912 $aUON00184349 950 $aSIBA - SISTEMA BIBLIOTECARIO DI ATENEO E ARCHIVIO STORICO$dSI VII GEO A 0164 $eSI SC 23653 5 0164 $sBuono 997 $aUNIOR